| 000 | 00627nam a22001937a 4500 | ||
|---|---|---|---|
| 003 | OSt | ||
| 005 | 20260122054501.0 | ||
| 008 | 260122b |||||||| |||| 00| 0 eng d | ||
| 020 | _a0-02-147599-7. | ||
| 040 |
_aDWCL-Main lib _cOC |
||
| 082 | _aCirc. 300 An628 1997 | ||
| 100 | _aBanks, James A. Et Al. | ||
| 245 |
_aAnthology regions : _badventures in time and place _cBanks, James A Et. Al. |
||
| 260 |
_aN. Y. : _bMcGraw-Hill School Division, _c[c1997] |
||
| 300 |
_ax, 207 pages : _billustration ; _c27 cm. |
||
| 650 | _21. Geography. | ||
| 650 | _22. Social sciences-Study and teaching. | ||
| 942 |
_2ddc _cBK-CIRC _kCirc. _n0 |
||
| 999 |
_c7698 _d7698 |
||